Fundamentalismos y diálogos entre religiones
Gorde:
| Egile nagusia: | |
|---|---|
| Formatua: | Liburua |
| Hizkuntza: | gaztelania |
| Argitaratua: |
Madrid
Trotta
2004
|
| Saila: | Colección Estructuras y Procesos. Serie Religión
|
| Gaiak: | |
| Etiketak: |
Etiketa erantsi
Etiketarik gabe, Izan zaitez lehena erregistro honi etiketa jartzen!
|
MARC
| LEADER | 00000nam a2200000 a 4500 | ||
|---|---|---|---|
| 001 | UCK8082 | ||
| 003 | CL-VaPUC | ||
| 008 | 060113e20040000SP |||||||||||||||||spa|d | ||
| 020 | |a 8481647020 | ||
| 082 | 0 | 4 | |a 262 |b TAM |2 21 |
| 100 | 0 | |a Tamayo-Acosta, Juan-José |e author |9 497883 | |
| 245 | 1 | 0 | |a Fundamentalismos y diálogos entre religiones |
| 300 | |a 309 p | ||
| 942 | |c BK | ||
| 945 | |d 20060113 00:00:00 |a jtorresc | ||
| 260 | |a Madrid |b Trotta |c 2004 | ||
| 650 | 0 | |a Teología |9 258766 | |
| 650 | 7 | |a FUNDAMENTALISMO RELIGIOSO |2 CL-VaPUC |9 431245 | |
| 650 | 0 | |a Diálogo interreligioso |9 411149 | |
| 650 | 0 | |a Filosofía de la religión |9 256017 | |
| 650 | 0 | |a Religión católica |9 399371 | |
| 650 | 0 | |a Cristianismo |9 257361 | |
| 583 | |a last modification |c 20060113 00:00:00 |k Rodrigo Vera | ||
| 490 | 0 | |a Colección Estructuras y Procesos. Serie Religión | |
| 999 | |c 315906 |d 315904 | ||
| 952 | |0 0 |1 0 |4 0 |6 262_000000000000000_TAM_2004 |7 0 |8 A |9 389766 |a BIBTEO |b BIBTEO |d 2019-11-22 |i 4200551 |o 262 TAM 2004 |p 4200551 |r 2025-01-17 |w 2019-11-22 |y BK |k ICR | ||
| 952 | |0 0 |1 0 |4 0 |6 262_000000000000000_TAM_2004 |7 0 |8 A |9 389767 |a BIBTEO |b BIBTEO |d 2019-11-22 |i 4248325 |o 262 TAM 2004 |p 4248325 |r 2025-01-17 |w 2019-11-22 |y BK |k ICR | ||